<?xml version="1.0" encoding="UTF-8"?>
<record
    xmlns:xsi="http://www.w3.org/2001/XMLSchema-instance"
    xsi:schemaLocation="http://www.loc.gov/MARC21/slim http://www.loc.gov/standards/marcxml/schema/MARC21slim.xsd"
    xmlns="http://www.loc.gov/MARC21/slim">

  <leader>01745nam0a2200421 i 4500</leader>
  <controlfield tag="001">RU\NLR\BIBL_A\011662208</controlfield>
  <controlfield tag="005">20241103095625.0</controlfield>
  <datafield tag="010" ind1=" " ind2=" ">
    <subfield code="a">9785911032999</subfield>
  </datafield>
  <datafield tag="035" ind1=" " ind2=" ">
    <subfield code="a">(NLR Aleph) 011662208</subfield>
  </datafield>
  <datafield tag="090" ind1=" " ind2=" ">
    <subfield code="a">11188260</subfield>
    <subfield code="c">11188260</subfield>
  </datafield>
  <datafield tag="100" ind1=" " ind2=" ">
    <subfield code="a">20180321d2016    u  y0rusy50      ca</subfield>
  </datafield>
  <datafield tag="101" ind1="1" ind2=" ">
    <subfield code="a">rus</subfield>
    <subfield code="c">eng</subfield>
  </datafield>
  <datafield tag="102" ind1=" " ind2=" ">
    <subfield code="a">RU</subfield>
  </datafield>
  <datafield tag="105" ind1=" " ind2=" ">
    <subfield code="a">a|||z|||001zy</subfield>
  </datafield>
  <datafield tag="200" ind1="1" ind2=" ">
    <subfield code="a">&#x414;&#x43E;&#x43B;&#x433;: &#x43F;&#x435;&#x440;&#x432;&#x44B;&#x435; 5000 &#x43B;&#x435;&#x442; &#x438;&#x441;&#x442;&#x43E;&#x440;&#x438;&#x438;</subfield>
    <subfield code="f">&#x414;&#x44D;&#x432;&#x438;&#x434; &#x413;&#x440;&#x435;&#x431;&#x435;&#x440;</subfield>
    <subfield code="g">[&#x43F;&#x435;&#x440;&#x435;&#x432;&#x43E;&#x434; &#x441; &#x430;&#x43D;&#x433;&#x43B;&#x438;&#x439;&#x441;&#x43A;&#x43E;&#x433;&#x43E;: &#x410;&#x43B;&#x435;&#x43A;&#x441;&#x430;&#x43D;&#x434;&#x440; &#x414;&#x443;&#x43D;&#x430;&#x435;&#x432;]</subfield>
  </datafield>
  <datafield tag="210" ind1=" " ind2=" ">
    <subfield code="a">&#x41C;&#x43E;&#x441;&#x43A;&#x432;&#x430;</subfield>
    <subfield code="c">&#x410;&#x434; &#x41C;&#x430;&#x440;&#x433;&#x438;&#x43D;&#x435;&#x43C; &#x41F;&#x440;&#x435;&#x441;&#x441;</subfield>
    <subfield code="c">&#x410;&#x43B;&#x435;&#x43A;&#x441;&#x430;&#x43D;&#x434;&#x440; &#x418;&#x432;&#x430;&#x43D;&#x43E;&#x432;, &#x41C;&#x438;&#x445;&#x430;&#x438;&#x43B; &#x41A;&#x43E;&#x442;&#x43E;&#x43C;&#x438;&#x43D;</subfield>
    <subfield code="d">2016</subfield>
  </datafield>
  <datafield tag="215" ind1=" " ind2=" ">
    <subfield code="a">614 &#x441;.</subfield>
    <subfield code="c">&#x438;&#x43B;.</subfield>
    <subfield code="d">24</subfield>
  </datafield>
  <datafield tag="300" ind1=" " ind2=" ">
    <subfield code="a">&#x417;&#x430;&#x433;&#x43B;. &#x438; &#x430;&#x432;&#x442;. &#x43E;&#x440;&#x438;&#x433;.: Debt / David Graeber</subfield>
  </datafield>
  <datafield tag="300" ind1=" " ind2=" ">
    <subfield code="a">&#x417;&#x430;&#x433;&#x43B;. &#x43A;&#x43E;&#x440;&#x435;&#x448;&#x43A;&#x430;: &#x414;&#x43E;&#x43B;&#x433;</subfield>
  </datafield>
  <datafield tag="300" ind1=" " ind2=" ">
    <subfield code="a">&#x41D;&#x430; &#x43E;&#x431;&#x43E;&#x440;&#x43E;&#x442;&#x435; &#x442;&#x438;&#x442;. &#x43B;. &#x430;&#x432;&#x442;.: &#x413;&#x440;&#x435;&#x431;&#x435;&#x440; &#x414;&#x44D;&#x432;&#x438;&#x434;, &#x430;&#x43D;&#x442;&#x440;&#x43E;&#x43F;&#x43E;&#x43B;&#x43E;&#x433;, &#x43F;&#x440;&#x43E;&#x444;.</subfield>
  </datafield>
  <datafield tag="320" ind1=" " ind2=" ">
    <subfield code="a">&#x411;&#x438;&#x431;&#x43B;&#x438;&#x43E;&#x433;&#x440;.: &#x441;. 570-614 &#x438; &#x432; &#x442;&#x435;&#x43A;&#x441;&#x442;&#x435; &#x43F;&#x440;&#x438;&#x43C;&#x435;&#x447;. &#x441;. 486-551</subfield>
  </datafield>
  <datafield tag="320" ind1=" " ind2=" ">
    <subfield code="a">&#x423;&#x43A;&#x430;&#x437;.: &#x441;. 552-569</subfield>
  </datafield>
  <datafield tag="454" ind1=" " ind2="0">
    <subfield code="1">2001#$aDebt$fDavid Graeber</subfield>
    <subfield code="1">700#1$aGraeber$bD.$gDavid</subfield>
    <subfield code="t">Debt</subfield>
    <subfield code="a">Graeber, David</subfield>
  </datafield>
  <datafield tag="516" ind1="1" ind2=" ">
    <subfield code="a">&#x414;&#x43E;&#x43B;&#x433;</subfield>
  </datafield>
  <datafield tag="606" ind1="1" ind2=" ">
    <subfield code="a">&#x414;&#x43E;&#x43B;&#x433;&#x438;</subfield>
    <subfield code="9">988156</subfield>
    <subfield code="3">RU\NLR\AUTH\66372882</subfield>
  </datafield>
  <datafield tag="606" ind1="1" ind2=" ">
    <subfield code="a">&#x41A;&#x440;&#x435;&#x434;&#x438;&#x442;</subfield>
    <subfield code="x">&#x418;&#x441;&#x442;&#x43E;&#x440;&#x438;&#x44F;</subfield>
    <subfield code="9">2482111</subfield>
    <subfield code="3">RU\NLR\AUTH\661473359</subfield>
  </datafield>
  <datafield tag="606" ind1=" " ind2=" ">
    <subfield code="a">&#x41C;&#x435;&#x43D;&#x43E;&#x432;&#x430;&#x44F; &#x442;&#x43E;&#x440;&#x433;&#x43E;&#x432;&#x43B;&#x44F;</subfield>
    <subfield code="9">1588336</subfield>
    <subfield code="3">RU\NLR\AUTH\66697801</subfield>
  </datafield>
  <datafield tag="606" ind1=" " ind2=" ">
    <subfield code="a">&#x42D;&#x43A;&#x43E;&#x43D;&#x43E;&#x43C;&#x438;&#x447;&#x435;&#x441;&#x43A;&#x430;&#x44F; &#x438;&#x441;&#x442;&#x43E;&#x440;&#x438;&#x44F;</subfield>
    <subfield code="9">1013597</subfield>
    <subfield code="3">RU\NLR\AUTH\66386241</subfield>
  </datafield>
  <datafield tag="686" ind1=" " ind2=" ">
    <subfield code="a">63.3(0)-2</subfield>
    <subfield code="v">LBC/PL</subfield>
    <subfield code="2">rubbk</subfield>
  </datafield>
  <datafield tag="686" ind1=" " ind2=" ">
    <subfield code="a">65.262-03</subfield>
    <subfield code="v">LBC/PL</subfield>
    <subfield code="2">rubbk</subfield>
  </datafield>
  <datafield tag="686" ind1="1" ind2=" ">
    <subfield code="a">&#x423;26(0)22</subfield>
  </datafield>
  <datafield tag="686" ind1="1" ind2=" ">
    <subfield code="a">&#x423;03(0)</subfield>
  </datafield>
  <datafield tag="686" ind1="1" ind2=" ">
    <subfield code="a">&#x423;010.1</subfield>
  </datafield>
  <datafield tag="700" ind1=" " ind2="1">
    <subfield code="a">&#x413;&#x440;&#x435;&#x431;&#x435;&#x440;</subfield>
    <subfield code="b">&#x414;.</subfield>
    <subfield code="g">&#x414;&#x44D;&#x432;&#x438;&#x434;</subfield>
  </datafield>
  <datafield tag="942" ind1=" " ind2=" ">
    <subfield code="c">BOOK</subfield>
  </datafield>
  <datafield tag="980" ind1=" " ind2=" ">
    <subfield code="a">NBR</subfield>
  </datafield>
</record>
